000 00563nam a22001937a 4500
005 20251108172759.0
008 250721s2003 xx 000 0 ara d
082 1 4 _a813.009/خضي
100 1 _aخضير، ضياء
245 1 0 _aحكاية الصبي و الصندوق - الجنس عند غالب هلسة /
264 1 _aعمان :
_bدار أزمنة،
_c2003.
300 _a123 ص.
490 0 _aدراسات نقد
650 1 7 _aالنقد الادبي
650 1 7 _aالروايات
650 1 7 _aالجنس
942 _2ddc
_cBK
999 _c88314
_d88314